Encore ; original stories by W. Somerset Maugham /

Bibliographic Details
Main Author: Maugham, W. Somerset (William Somerset), 1874-1965
Format: Book
Language:English
Published: Garden City, N.Y. : Doubleday, 1952.
Edition:[1st ed.].

MARC

Tag First Indicator Second Indicator Subfields
LEADER 00000cam a2200000 4500
001 in00000775366
005 20151017064501.0
008 750801s1952 nyu 00010 eng u
010 |a  52008052  
035 |a (OCoLC)01496182 
035 |9 ADN4456AM 
040 |c JPL  |d OCL  |d TXA  |d UtOrBLW 
049 1 |a TXA1 [MAUG] 
050 0 0 |a PR6025.A86  |b E5 
082 0 |a 792.93 
090 |a PR6025.A86  |b E5 1952 
100 1 |a Maugham, W. Somerset  |q (William Somerset),  |d 1874-1965. 
245 1 0 |a Encore ;  |b original stories by W. Somerset Maugham /  |c screenplays by T.E.B. Clarke, Arthur Macrae [and] Eric Ambler. 
250 |a [1st ed.]. 
264 1 |a Garden City, N.Y. :  |b Doubleday,  |c 1952. 
300 |a 156 pages ;  |c 20 cm. 
336 |a text  |b txt  |2 rdacontent 
337 |a unmediated  |b n  |2 rdamedia 
338 |a volume  |b nc  |2 rdacarrier 
536 |a Cushing Library Maugham Collection one copy was donated by Mary Lee Archer. 
870 1 9 |j 100/1  |a Maugham, William Somerset,  |d 1874- 
999 |a MARS 
999 f f |s 8ad7bddd-8505-3c44-a99d-7218c3744fbb  |i 22bb2eeb-9d61-3bdf-a534-c2e97b5957a2  |t 0 
952 f f |p noncirc  |a Texas A&M University  |b College Station  |c Cushing Memorial Library & Archives  |d Cushing: Literature/Maugham (Does not check out)  |t 0  |e PR6025.A86 E5 1952  |h Library of Congress classification  |i unmediated -- volume 
952 f f |p noncirc  |a Texas A&M University  |b College Station  |c Cushing Memorial Library & Archives  |d Cushing: Literature/Maugham (Does not check out)  |t 0  |e PR6025.A86 E5 1952  |h Library of Congress classification  |i unmediated -- volume 
998 f f |a PR6025.A86 E5 1952  |t 0  |l Cushing: Literature/Maugham (Does not check out) 
998 f f |a PR6025.A86 E5 1952  |t 0  |l Cushing: Literature/Maugham (Does not check out)